00575nam a2200205 a 4500001001300000003000900013005001700022008004100039020001000080082001000090100000700100245007600107260004000183300001100223500003500234505002600269650003400295650003300329700000700362nice12345678IN_TiNIC20260116012546.0050524s0000 chea grp 000 0 urd  ac10000a248b a,  aChristian Religious Teaching and Practices in England 16th-17th Century aChennai bLilly Soosai Opset c0000 a3.222p aincludes index and biblioraphy2 aList of Abbriviations aReligious Practices-Christian aChurch-16th-17th Cen-England1 a,